Statistiken für Fragen über Farben- Thema Rot

Klicken Sie hier um das Quiz zu spielen!

Allgemein

  • Dieses Quiz wurde 126 mal gespielt
  • Das Durchschnittsergebnis liegt bei 9 aus 15

Antwortstatistiken

FrageAntwort% Korrekt
Welches Softgetränk hat ein zu großen Teilen rotes
Flaschenetikett?
Coca Cola
92%
Im Film ,,Alles steht Kopf" wird jeder Emotion eine
Farbe zugeteilt.Welche Emotion symbolisiert der
rote Charakter?
Wut
91%
Unser Blut ist rot. Wieviel Liter Blut besitzt ein
durchschnittlicher Erwachsener?
5-6 Liter
90%
Einen schönen roten Apfel mag fast jeder. Jedoch
Wie viele Kerne befinden sich meistens in ihm?
10
80%
Im Lied ,,Grün, grün, grün sind alle meine Farben
wird für die Farbe rot welcher Beruf genannt?
Feuerwehrmann
78%
Mit welchem Tier streitet sich das rote Pferd im
gleichnamigen Lied?
Fliege
76%
Du stehst mit dem Auto an einer roten Ampel. Was
darfst du in den USA tun, was du hier nur mit einem
entsprechenden Schild darfst?
Rechts abbiegen
70%
Welcher berühmte Videospiel-Charakter trägt eine
rote Cappy?
Super Mario
68%
Clifford kann in der gleichnamigen Serie nicht so
einfach übersehen werden. Er ist sehr groß und rot.
Welches Tier ist er?
Hund
58%
Was soll man im gleichnamigen Lied von Cliff
Richard küssen?
Rote Lippen
58%
Der rote Fluss, der durch mitgeführte Sedimente
seine rötlich-braune Färbung erhielt fließt durch
Vietnam und ...
China
56%
Was bedeutet es, wenn der Streckenposten bei der
Formel 1 die rote Flagge schwengt?
Rennabbruch
38%
In welcher europäischen Großstadt gibt es keine
Stoppschilder?
Paris
31%
In welchem Jahr wurde die SPD gegründet?1863
23%
Welche Cartoon-Figur, die gleichzeitig mit einem
Hasen verheiratet ist, ist für ihr rotes glitzerndes
Kleid bekannt?
Jessica Rabbit
18%

Verteilung der Resultate

Perzentil nach korrekt beantworteten Fragen

Anzahl Personen mit jedem Resultat

Ihre Resultats-Entwicklung

Sie haben dieses Quiz noch nicht gespielt